| 000 | 00439nam a2200157 i 4500 | ||
|---|---|---|---|
| 001 | 29441 | ||
| 003 | ES-MaACL | ||
| 007 | t| | ||
| 008 | 030122s1923 xxk ||||1| eng d | ||
| 100 | 1 |
_aBarbour, D. N. _925479 |
|
| 245 | 1 | 0 |
_aPhyso-analysis and everyman / _cby D.N. Barbour. |
| 250 | _a[1st ed.]. | ||
| 260 |
_aLondon : _bGeorge Allen and Umvin, _c1923 ( _fThe Gresham Press) |
||
| 300 |
_a191 p. ; _c19 cm. |
||
| 852 |
_aES-MaACL _jG-3282 |
||
| 999 |
_c29441 _d29441 |
||